Dr. B.R. Ambedkar : the man and his message : (Record no. 135602)
[ view plain ]
| 000 -LEADER | |
|---|---|
| fixed length control field | 00776nam a22002177a 4500 |
| 005 - DATE AND TIME OF LATEST TRANSACTION | |
| control field | 20170124110247.0 |
| 010 ## - LIBRARY OF CONGRESS CONTROL NUMBER | |
| LC control number | A-463660 |
| 020 ## - INTERNATIONAL STANDARD BOOK NUMBER | |
| Terms of availability | 125.00 |
| International Standard Book Number | 0876926340 |
| 035 ## - SYSTEM CONTROL NUMBER | |
| System control number | A-463660 |
| 037 ## - SOURCE OF ACQUISITION | |
| Source of stock number/acquisition | Cen Lib/Ret |
| 040 ## - CATALOGING SOURCE | |
| Original cataloging agency | DPL |
| Language of cataloging | EN |
| 082 ## - DEWEY DECIMAL CLASSIFICATION NUMBER | |
| Classification number | 342.54 |
| Item number | AMB |
| 245 ## - TITLE STATEMENT | |
| Title | Dr. B.R. Ambedkar : the man and his message : |
| Remainder of title | a commemorative volume / |
| Statement of responsibility, etc | edited by Sudarshan Agarwal |
| 260 ## - PUBLICATION, DISTRIBUTION, ETC. (IMPRINT) | |
| Name of publisher, distributor, etc | Prentice Hall of India |
| Place of publication, distribution, etc | New Delhi |
| Date of publication, distribution, etc | 1991 |
| 270 ## - ADDRESS | |
| Address | M-97, Connaught Circus |
| City | New Delhi |
| Postal code | 110001 |
| 300 ## - PHYSICAL DESCRIPTION | |
| Extent | xxiv,215p. |
| Dimensions | 20cm(Hb) |
| 650 ## - SUBJECT ADDED ENTRY--TOPICAL TERM | |
| Topical term or geographic name as entry element | Ambedkar, B. R. -- (Bhimrao Ramji), -- 1891-1956 -- Political and social views. |
| 9 (RLIN) | 14804 |
| 650 ## - SUBJECT ADDED ENTRY--TOPICAL TERM | |
| Topical term or geographic name as entry element | Political and social views. |
| 9 (RLIN) | 7882 |
| 700 ## - ADDED ENTRY--PERSONAL NAME | |
| Personal name | Agarwal, Sudarshan |
| 9 (RLIN) | 39274 |
| 942 ## - ADDED ENTRY ELEMENTS (KOHA) | |
| Source of classification or shelving scheme | Dewey Decimal Classification |
| Koha item type | English Books |
| Classification part | 342.54 |
| Call number suffix | AMB |
| Withdrawn status | Lost status | Damaged status | Not for loan | Home library | Current library | Date acquired | Source of acquisition | Cost, normal purchase price | Total Checkouts | Full call number | Barcode | Date last seen | Copy number | Cost, replacement price | Price effective from | Koha item type | Public note |
|---|---|---|---|---|---|---|---|---|---|---|---|---|---|---|---|---|---|
| Written off | Central Library | Central Library | 07/10/2015 | Cen Lib/Ret | 125.00 | 342.54 AMB | A-463660 | 07/10/2015 | 1 | 125.00 | 07/10/2015 | English Books | Written off on approval by DLB (By Circulation); dtd 15-06-2023 |
